00457nam a2200121Ia 4500008004100000100002000041245006100061245008700122260004800209260001700257650002700274856003400301160809s9999 xx 000 0 und d aMitzev, Ivan S. aCombined Classifiers for Time Series Shapelets Full Text cIvan S. Mitzev and Nickolas H. Younan, Mississippi State University, United States bComputer Science and Information Technology cJanuary 2016 xINFORMATION TECHNOLOGY uhttp://airccse.org/V6N48.html